Nghiên cứu sự phát quang cưỡng bức của nhóm vật liệu Aluminate

Tổng quang về hiện tượng phát quang. Sơ lược về hiện tượng phát quang cưỡng bức. Sơ lược về hiện tượng nhiệt phát quang

Đã lưu trong:
Chi tiết về thư mục
Tác giả chính: Nguyễn, Văn Hưng (Tác giả)
Tác giả khác: Nguyễn, Văn Cường Th.S (Hướng dẫn)
Định dạng: Sách
Ngôn ngữ:Vietnamese
Được phát hành: Đại học Đà Nẵng Trường Đại Học Sư Phạm 2011
Loạt:Báo cáo nghiên cứu khoa học. Chuyên ngành : Sư phạm vật lý
Những chủ đề:
Các nhãn: Thêm thẻ
Không có thẻ, Là người đầu tiên thẻ bản ghi này!
Thư viện lưu trữ: Mạng thư viện Đại học Đà Nẵng
LEADER 01489nam a2200337 4500
001 000012785
003 9105
005 20120228140252.0
008 120228s2011 viesd
041 |a vie 
072 |a Công trình nghiên cứu khoa học 
082 |a 535.5  |b NG-H 
100 |a Nguyễn, Văn Hưng  |e Tác giả 
245 |a Nghiên cứu sự phát quang cưỡng bức của nhóm vật liệu Aluminate  |c Nguyễn, Văn Hưng 
260 |a Đại học Đà Nẵng  |b Trường Đại Học Sư Phạm  |c 2011 
300 |a 29 tr.  |c 29 cm 
490 |a Báo cáo nghiên cứu khoa học. Chuyên ngành : Sư phạm vật lý 
500 |a Tham khảo tr.29 
520 |a Tổng quang về hiện tượng phát quang. Sơ lược về hiện tượng phát quang cưỡng bức. Sơ lược về hiện tượng nhiệt phát quang 
653 |a phát quang cưỡng bức  |a phát quang, nhiệt phát quang  |a vật liệu Aluminate 
700 |a Nguyễn, Văn Cường  |c Th.S  |e Hướng dẫn 
OWN |a LSP 
AVA |a UDN50  |b LSP  |d 535.5 NG-H  |e available  |t Error 5001 Not defined in file expand_doc_bib_avail.  |f 1  |g 0  |h N  |i 0  |k 1 
999 |a From the UDN01 
AVA |a UDN50  |b LSP  |d 535.5 NG-H  |e available  |t Error 5001 Not defined in file expand_doc_bib_avail.  |f 1  |g 0  |h N  |i 0  |k 1 
TYP |a Monograph 
TYP |a Printed language 
980 |a Mạng thư viện Đại học Đà Nẵng